Destroyer, Suicide Demo For Kara Walker Lyrics - Statistics

General Stats
  • This quiz has been taken 5 times
  • The average score is 287 of 379
Answer Stats
Answer % Correct
a
100%
A
100%
about
100%
America
100%
American
100%
and
100%
And
100%
as
100%
at
100%
bag,
100%
band
100%
Brown
100%
brown
100%
can
100%
can...
100%
close
100%
don't
100%
"Don't
100%
Enter
100%
entrance
100%
exit,
100%
exit
100%
Four
100%
free
100%
"Free
100%
fuck
100%
hand
100%
his
100%
hundred
100%
I
100%
I'm
100%
Is
100%
is
100%
it
100%
it's
100%
It's
100%
light
100%
little
100%
look
100%
love
100%
loves
100%
make
100%
me
100%
me,
100%
me,"
100%
more
100%
naked,
100%
name
100%
negress,
100%
New
100%
night,
100%
No
100%
North
100%
not
100%
now,
100%
Now
100%
of
100%
on
100%
or
100%
paper
100%
pillars
100%
pipe
100%
pocket
100%
roll
100%
said
100%
say
100%
say,
100%
see
100%
she
100%
shit,
100%
sister
100%
Sister
100%
Sister,
100%
so
100%
South,"
100%
Star
100%
stop
100%
style
100%
talk
100%
the
100%
there
100%
they
100%
this
100%
through
100%
to
100%
To
100%
up
100%
up,
100%
was
100%
We
100%
when
100%
When
100%
which
100%
white,
100%
white
100%
will
100%
Yankee
100%
years
100%
York
100%
you
100%
You
100%
you,
100%
abandoned
50%
above
50%
again
50%
air
50%
all
50%
All
50%
Americans,
50%
Another
50%
another
50%
ask
50%
away
50%
backwards,
50%
bar
50%
black
50%
blood,
50%
blue
50%
bunkhouse,
50%
business
50%
by
50%
child,
50%
City
50%
consort
50%
consorting
50%
days
50%
dead
50%
death
50%
Dixie
50%
excess
50%
eyes
50%
fast
50%
feelings,
50%
feminine
50%
Flesh
50%
Fool
50%
For
50%
for
50%
forward,"
50%
girl
50%
go
50%
gonna
50%
got
50%
grace
50%
hard
50%
Harmless
50%
in
50%
In
50%
invisible
50%
just
50%
Just
50%
let
50%
Let's
50%
live
50%
Longings,
50%
longings,
50%
man
50%
manhole
50%
"Maybe
50%
maybe
50%
my
50%
never
50%
nothing
50%
nothing's
50%
old,
50%
out
50%
passes
50%
personal
50%
personal,
50%
pipes
50%
Plain
50%
possession
50%
proud
50%
rain
50%
responds,
50%
ride
50%
rides
50%
sashes,
50%
sculpture
50%
Seen
50%
skies
50%
slender
50%
slide
50%
snow,
50%
Soft
50%
southern
50%
still
50%
swear
50%
tears
50%
that
50%
then
50%
these
50%
they'd
50%
Though
50%
today
50%
translucent
50%
vain
50%
vanity,
50%
wants
50%
washes
50%
Wise,
50%
wit
50%
with,
50%
with
50%
woman?
50%
world
50%
wrapper
50%
wristed,
50%
wrong
50%
"yes"
50%
your
50%
you're
50%
you've
50%
figure
0%
genius
0%
hailed
0%
kind
0%
Much
0%
once
0%
seed
0%
sown,
0%
words,
0%
words...
0%
No matching quizzes found
Score Distribution
Percent of People with Each Score
Percentile by Number Answered
Your Score History
You have not taken this quiz